Countries Where Homosexuality is Legal - Africa - Statistics

General Stats
  • This quiz has been taken 101 times
  • The average score is 20 of 23
Answers on the Map
Answers color-coded by a green-red scale on the quiz's map according to % correct below.
 
Answer Stats
Answer % Correct
South Africa
100%
Democratic Republic of the Congo
98%
Madagascar
97%
Republic of the Congo
94%
Niger
93%
Angola
92%
Lesotho
91%
Central African Republic
89%
Botswana
88%
Gabon
88%
Mali
88%
Cape Verde
86%
Equatorial Guinea
86%
Mozambique
85%
Sao Tome and Principe
85%
Seychelles
85%
Benin
84%
Guinea-Bissau
84%
Ivory Coast
84%
Mauritius
84%
Rwanda
83%
Djibouti
80%
Burkina Faso
76%
No matching quizzes found
Score Distribution
Percent of People with Each Score
Percentile by Number Answered
Your Score History
You have not taken this quiz